000 00552nam a2200229Ia 4500
003 OSt
005 20220924143335.0
006 a|||||r|||| 00| 0
007 ta
008 220923b |||||||| |||| 00| 0 urd d
024 _a307818
037 _cTextual
040 _aARTS
_cARTS
_burd
041 _2urd
_aurd
082 _aB9:8, 168J8
100 _aJeans James
245 0 _aPurasarar kaynat
260 _c1958
650 _aMATHEMATICS
_92141
942 _hB9:8, 168J8
_cTEXL
_2CC
999 _c454126
_d454126